Las mejores novelas contemporáneas. (Record no. 177703)

MARC details
000 -LEADER
campo de control de longitud fija 01504nam a2200349 i 4500
001 - NÚMERO DE CONTROL
campo de control 177703
003 - IDENTIFICADOR DE NÚMERO DE CONTROL
campo de control ES-MaACL
005 - FECHA Y HORA DE LA ÚLTIMA TRANSACCIÓN
campo de control 20250929142931.0
008 - DATOS DE LONGITUD FIJA--INFORMACIÓN GENERAL
campo de control de longitud fija 110413s1959 sp fo |||| | spa d
080 ## - NÚMERO DE LA CLASIFICACIÓN DECIMAL UNIVERSAL
Número de la Clasificación Decimal Universal 821.134.2-31"19"
245 04 - MENCIÓN DEL TÍTULO
Título Las mejores novelas contemporáneas.
Número de parte o sección de la obra IV,
Nombre de parte o sección de la obra (1910-1914) /
Mención de responsabilidad, etc. selección y estudios de Joaquín de Entrambasaguas ; con la colaboración de Mária del Pilar Palomo.
250 ## - MENCION DE EDICION
Mención de edición 1ª ed.
260 ## - PUBLICACIÓN, DISTRIBUCIÓN, ETC.
Lugar de publicación, distribución, etc. Barcelona :
Nombre del editor, distribuidor, etc. Planeta,
Fecha de publicación, distribución, etc. 1959.
300 ## - DESCRIPCIÓN FÍSICA
Extensión XXIX, 1594, [10] p. de lám. ;
Dimensiones 19 cm.
504 ## - NOTA DE BIBLIOGRAFÍA, ETC.
Nota de bibliografía, etc. Bibliografía.
505 8# - NOTA DE CONTENIDO CON FORMATO
Nota de contenido con formato Contiene: v. 4 (1910-1914) ;
Título El peregrino /
Mención de responsabilidad Ciro Bayo. --
Título El amor de los amores /
Mención de responsabilidad Ricardo León. --
Título Las cerezas del cementerio /
Mención de responsabilidad Gabriel Miró. --
Título La danza del corazón /
Mención de responsabilidad José Francés. --
Título La esfinge maragata /
Mención de responsabilidad Concha Espina
650 04 - PUNTO DE ACCESO ADICIONAL DE MATERIA--TÉRMINO DE MATERIA
Término de materia o nombre geográfico como elemento de entrada Novela española-
Subdivisión cronológica S.XX
9 (RLIN) 15636
700 1# - ENTRADA AGREGADA--NOMBRE PERSONAL
Nombre de persona Entrambasaguas, Joaquín de,
Fechas asociadas al nombre 1904-1995
9 (RLIN) 47309
700 1# - ENTRADA AGREGADA--NOMBRE PERSONAL
Nombre de persona Palomo, María del Pilar,
Fechas asociadas al nombre 1933-
9 (RLIN) 144616
700 1# - ENTRADA AGREGADA--NOMBRE PERSONAL
Nombre de persona Bayo, Ciro,
Fechas asociadas al nombre 1859-1939
9 (RLIN) 26688
700 1# - ENTRADA AGREGADA--NOMBRE PERSONAL
Nombre de persona León, Ricardo,
Fechas asociadas al nombre 1877-1943
9 (RLIN) 71597
700 1# - ENTRADA AGREGADA--NOMBRE PERSONAL
Nombre de persona Miró, Gabriel.
9 (RLIN) 81602
700 1# - ENTRADA AGREGADA--NOMBRE PERSONAL
Nombre de persona Francés, José,
Fechas asociadas al nombre 1883-1964
9 (RLIN) 52141
700 1# - ENTRADA AGREGADA--NOMBRE PERSONAL
Nombre de persona Espina, Concha,
Fechas asociadas al nombre 1869-1955
9 (RLIN) 47834
740 32 - ENTRADA AGREGADA--TÍTULO RELACIONADO/ANALÍTICO NO CONTROLADO
Título relacionado o analítico no controlado El peregrino entretenido.
740 32 - ENTRADA AGREGADA--TÍTULO RELACIONADO/ANALÍTICO NO CONTROLADO
Título relacionado o analítico no controlado El amor de los amores.
740 42 - ENTRADA AGREGADA--TÍTULO RELACIONADO/ANALÍTICO NO CONTROLADO
Título relacionado o analítico no controlado Las cerezas del cementerio.
740 32 - ENTRADA AGREGADA--TÍTULO RELACIONADO/ANALÍTICO NO CONTROLADO
Título relacionado o analítico no controlado La danza del corazón.
740 32 - ENTRADA AGREGADA--TÍTULO RELACIONADO/ANALÍTICO NO CONTROLADO
Título relacionado o analítico no controlado La esfinge maragata.
852 ## - LOCALIZACIÓN
Ubicación ES-MaACL
Número de control de estantería E-14896
Encuadernación Olim P-241
Holdings
Estatus retirado Estado de pérdida Estado de daño No para préstamo Biblioteca de origen Biblioteca actual Ubicación en estantería Fecha de adquisición Fuente de adquisición Total de préstamos Signatura topográfica completa Código de barras Visto por última vez Precio de reemplazo Tipo de ítem Koha
        Biblioteca del Ateneo de Madrid Biblioteca del Ateneo de Madrid Depósito 2 13/04/2011     E-14896 1186654 23/02/2023 23/02/2023 Libro impreso